LIBRARY & INFORMATION CENTRE, KCAET, TAVANUR

ONLINE PUBLIC ACCESS CATALOGUE (OPAC)

Deseeya Vimochana Prasthanam, Sajeeva Prasthanangal / (Record no. 5990)

MARC details
000 -LEADER
fixed length control field 00327cam a2200109ua 4500
082 ## - DEWEY DECIMAL CLASSIFICATION NUMBER
Classification number 954
Item number BHA/DE
100 ## - MAIN ENTRY--AUTHOR NAME
Personal name Bhargavan, Veliyam .
245 00 - TITLE STATEMENT
Title Deseeya Vimochana Prasthanam, Sajeeva Prasthanangal /
260 ## - PUBLICATION, DISTRIBUTION, ETC. (IMPRINT)
Place of publication Kottayam :
Name of publisher Prabhatham Printing and Publishing Co. Pvt. Ltd. ,
Year of publication 1967.
300 ## - PHYSICAL DESCRIPTION
Number of Pages 264 ; .
942 ## - ADDED ENTRY ELEMENTS (KOHA)
Koha item type Books
Holdings
Withdrawn status Lost status Damaged status Home library Current library Date acquired Full call number Accession Number Koha item type
Withdrawn     KAUAET Sanskrit University 07/04/2012 954 11250 Books
free website counter